| 000 | 00440nam a2200181Ia 4500 | ||
|---|---|---|---|
| 001 | 18162 | ||
| 005 | 20260306171610.0 | ||
| 008 | 260306s9999||||xx |||||||||||||| ||und|| | ||
| 041 | _aESP | ||
| 082 |
_a658.4012 _bO83 |
||
| 100 |
_aOsterwalder, Alexander _eAUT |
||
| 245 | 0 | _aDiseñando la propuesta de valor | |
| 260 | _c2018 | ||
| 300 |
_axxv, 289 páginas : _c19 cm. |
||
| 650 | _aGEN | ||
| 654 | _aCAN | ||
| 942 |
_cLIB _dJUS _fJUS _2ddc _n |
||
| 999 |
_c18162 _d18162 |
||